Ateneo, dictadura, República / (Record no. 17808)

MARC details
000 -LEADER
campo de control de longitud fija 01107nam a2200325 i 4500
001 - NÚMERO DE CONTROL
campo de control 17808
003 - IDENTIFICADOR DE NÚMERO DE CONTROL
campo de control ES-MaACL
005 - FECHA Y HORA DE LA ÚLTIMA TRANSACCIÓN
campo de control 20250704062540.0
007 - CAMPO FIJO DE DESCRIPCIÓN FÍSICA--INFORMACIÓN GENERAL
campo de control de longitud fija t|
008 - DATOS DE LONGITUD FIJA--INFORMACIÓN GENERAL
campo de control de longitud fija 010529s1977 sp 001 0 spa d
017 ## - NÚMERO DE COPYRIGHT O DE DEPÓSITO LEGAL
Número de copyright o de depósito legal V 470-1977
Agencia que asigna Oficina Depósito Legal Valencia
020 ## - NÚMERO INTERNACIONAL ESTÁNDAR DEL LIBRO
Número Internacional Estándar del Libro 8473660692
040 ## - FUENTE DE CATALOGACIÓN
Centro/agencia transcriptor ES-MaACL
080 ## - NÚMERO DE LA CLASIFICACIÓN DECIMAL UNIVERSAL
Número de la Clasificación Decimal Universal 061.236.3(4647.1M.)(091)"19"
100 1# - ENTRADA PRINCIPAL--NOMBRE DE PERSONA
Nombre de persona Ruiz Salvador, Antonio,
Fechas asociadas al nombre 1937-
Término indicativo de función/relación Autor
9 (RLIN) 100923
245 10 - MENCIÓN DEL TÍTULO
Título Ateneo, dictadura, República /
Mención de responsabilidad, etc. Antonio Ruiz Salvador.
246 ## - FORMA VARIANTE DEL TITULO
Título propio/Titulo breve Ateneo, dictadura y República
260 ## - PUBLICACIÓN, DISTRIBUCIÓN, ETC.
Lugar de publicación, distribución, etc. Valencia :
Nombre del editor, distribuidor, etc. Fernando Torres,
Fecha de publicación, distribución, etc. [1977]
300 ## - DESCRIPCIÓN FÍSICA
Extensión 284 p. ;
Dimensiones 23 cm.
490 1# - MENCIÓN DE SERIE
Mención de serie Interdisciplinar ;
Designación de volumen o secuencia 2, 37
500 ## - NOTA GENERAL
Nota general Índices
610 24 - PUNTO DE ACCESO ADICIONAL DE MATERIA--NOMBRE DE ENTIDAD CORPORATIVA
Nombre de entidad corporativa o nombre de jurisdicción como elemento de entrada Ateneo de Madrid-
Subdivisión de forma Historia
9 (RLIN) 1925
610 24 - PUNTO DE ACCESO ADICIONAL DE MATERIA--NOMBRE DE ENTIDAD CORPORATIVA
Nombre de entidad corporativa o nombre de jurisdicción como elemento de entrada Ateneo de Madrid-
Subdivisión de forma Obras digitalizadas.
9 (RLIN) 1930
830 1# - PUNTO DE ACCESO ADICIONAL DE SERIE-TÍTULO UNIFORME
Título uniforme Interdisciplinar ;
Designación de volumen o secuencia 2, 37
9 (RLIN) 182330
852 4# - LOCALIZACIÓN
Ubicación ES-MaACL
Número de control de estantería A-7108
Ubicación en estantería Sala Pecera Planta 1
856 4# - LOCALIZACIÓN Y ACCESO ELECTRÓNICOS
Identificador Uniforme de Recursos <a href="https://www.ateneodemadrid.com/biblioteca_digital/libros/Libro-00002.pdf">https://www.ateneodemadrid.com/biblioteca_digital/libros/Libro-00002.pdf</a>
Nota pública Ver documento
942 ## - ELEMENTOS DE ENTRADA SECUNDARIOS (KOHA)
Tipo de ítem Koha Libro impreso
Suprimir en OPAC No
Holdings
Estatus retirado Estado de pérdida Estado de daño No para préstamo Colección Biblioteca de origen Biblioteca actual Ubicación en estantería Fecha de adquisición Fuente de adquisición Total de préstamos Signatura topográfica completa Código de barras Visto por última vez Precio de reemplazo Tipo de ítem Koha
        Colección digital Biblioteca del Ateneo de Madrid Biblioteca del Ateneo de Madrid Sala Pecera Planta 1 17/01/2008     A-7108 1018187 23/02/2023 23/02/2023 Libro impreso